| 000 | 00691nam a2200205Ia 4500 | ||
|---|---|---|---|
| 003 | GCL | ||
| 008 | 140319s9999 xx 000 0 ara d | ||
| 040 |
_aGCL / _cGCL |
||
| 082 | 0 | 4 |
_a347.08 _bم ت |
| 100 | 1 | _aمحمد نور شحاتة | |
| 245 | 1 | 0 |
_aنطاق النزاع فى الاستئناف فى المواد المدنية / _cمحمد نور شحاتة |
| 260 |
_a[S.N] : _bدار نهضة مصر للطبع والنشر ، _c1988 |
||
| 300 | _a352 ص | ||
| 490 |
_aبطولات اسلامية _v0 |
||
| 650 | 0 | 4 | _aالقانون |
| 650 | 0 | 4 | _aقانون المرافعات |
| 650 | 0 | 4 | _aالقانون المدنى |
| 650 | 0 | 4 | _aمحاكم التمييز |
| 942 |
_2ddc _cBK |
||
| 999 |
_c54740 _d54740 |
||